| 000 | 00886nam a2200301 4500 | ||
|---|---|---|---|
| 001 | 47601 | ||
| 003 | BD-RjUL | ||
| 005 | 20211209054341.0 | ||
| 008 | 160809s1962 enk b 001 0 eng d | ||
| 020 | _a0070533768 : | ||
| 035 | _a(BD-RjUL) | ||
| 040 |
_aDLC _cDLC _dDLC _dBD-RjUL _beng |
||
| 041 | _aeng | ||
| 082 | 0 | 0 |
_a320 _bDII 1962 _223 |
| 100 | 1 | 1 |
_aDillon, Conley H. _9144667 |
| 245 | 1 | 1 |
_aIntroduction to political science / _c Conley H. Dillon, Carl Leiden and Paul D.Stewart |
| 250 | _a. | ||
| 260 |
_aNew York : _bPrincetion, _cc1962 |
||
| 300 |
_a298 p. ; _c25 cm. |
||
| 490 | _aVan nostrand political science series | ||
| 500 | _aIncludes index. | ||
| 650 | 0 |
_aPolitical science. _9108418 |
|
| 650 | 0 |
_aComparative government. _9108419 |
|
| 700 | 1 |
_aLeiden, Carl _9108420 |
|
| 700 | 1 |
_aStewart, Paul D. _9144668 |
|
| 942 |
_2ddc _cBK |
||
| 999 |
_c47601 _d47601 |
||